000 01436nam a22002537a 4500
008 090727t xxu||||| |||| 00| 0 eng d
082 _a551.05
_bSCI
245 _aA Scientific International Journal /
260 _a[Egypt] :
_bEgyptian Geophysical Society,
_c2003-
300 _av.
_bmaps, diagrs., ill.;
_c32 cm.
505 _aIncludes bibliographical references and index.
650 0 _aGeophysics
_vPeriodicals.
_98167
650 0 _aGeophysical processes Serials
_98168
700 1 _aZeidan, Selim [Editor- in- Chief]
_98171
710 1 _aEgyptian Geophysical Society
_98169
942 _2ddc
_cJOURNAL
_s1
999 _c12435
_d12435